000 00755nam a22002417a 4500
003 UA-OsUOA
001 55611
007 ta
008 20080917b un ||||| |||| 00| 0 ukr d
100 _aГоробець В.
090 _a94(477).042.3
_bГ70
942 _cBK
040 _aUA-OsUOA
_bukr
_cUA-OsUOA
_dUA-OsUOA
245 _a"Волимо царя східного..."
_bУкраїнський Гетьманат та російська династія до і після Переяслава
300 _a462 с.
955 _a1
041 _aukr
080 _a94(477).042.3
020 _a966-7679-89-6
260 _aК.
_bКритика
_c2007
650 7 _a9 Географія. Біографії. Історія
_2UDC
999 _c341695
_d341695